Fotografie v rukou vyděrače /

Hlavní autor: Hansen, Michaela
Další autoři: Klein, Petr
Jazyk: Čeština
Vydáno: Praha : I. Železný, 1995
Vydání: Vyd. 1.
Edice: S knížecí korunkou
Knihovnička Večerů pod lampou
Témata:
Externí odkaz: Digitalizovaný dokument
Fyzický popis: 59 s. ; 18 cm
Knihy
Uloženo v:
LEADER 01464nam a2200385 a 4500
001 000022057
003 CZ BrMZK
005 20221115065739.0
007 ta
008 950313s1995 xr g j cze d
015 |a cnb000104197 
020 |a 80-237-2064-3 
040 |a BOA001  |b cze 
041 1 |a cze  |h ger 
072 7 |a 821.112.2-3  |x Německá próza, německy psaná  |2 Konspekt  |9 25 
080 |a 821.112.2-32  |2 MRF 
080 |a (0:82-322.5)  |2 MRF 
100 1 |a Hansen, Michaela  |7 jn20010309551  |4 aut 
245 1 0 |a Fotografie v rukou vyděrače /  |c Michaela Hansenová ; z německého originálu přeložil Petr Klein 
250 |a Vyd. 1. 
260 |a Praha :  |b I. Železný,  |c 1995 
300 |a 59 s. ;  |c 18 cm 
490 1 |a S knížecí korunkou ;  |v 134 (25/95) 
490 1 |a Knihovnička Večerů pod lampou ;  |v 1622 
500 |a Dostupné též v digitální podobě v aplikaci Kramerius 
655 7 |a německé povídky  |7 fd132942  |2 czenas 
655 7 |a milostné povídky  |7 fd132834  |2 czenas 
700 1 |a Klein, Petr  |7 jx20050106022  |4 trl 
765 0 |t <<Das >>verhängnisvolle Foto 
830 0 |a S knížecí korunkou 
830 0 |a Knihovnička Večerů pod lampou 
856 4 1 |u http://www.digitalniknihovna.cz/mzk/uuid/uuid:b4867c00-6bf7-11ed-aaea-005056827e52  |y Digitalizovaný dokument  |x NDK 
910 |a BOA001  |b 1-1009.657 
990 |a BK 
996 6 |b 2610022174  |c 1-1009.657  |l MZK  |r Sklad / do 1 hodiny  |n 2  |p p.v.  |w 000022057  |u 000010  |a 1  |e BOA001  |j MZK50  |s P